| 000 | 01094cab a2200373 4500 | ||
|---|---|---|---|
| 001 | ABS50427 | ||
| 008 | 090401t1994 xxu||||| |||| 00| 0 eng d | ||
| 035 | _a(Sirsi) u75665 | ||
| 041 | _aeng | ||
| 245 | _aEstates Times review: East Midlands property | ||
| 260 | _c1994 | ||
| 300 | _aLOAN | ||
| 350 | _a0 | ||
| 490 |
_aEstates Times _vReview 29 April 1994, 62 |
||
| 650 | _aASSISTED AREAS | ||
| 650 | _aBURTON-ON-TRENT | ||
| 650 | _aCHESTERFIELD | ||
| 650 | _aCOAL MINING AREAS | ||
| 650 | _aDISTRIBUTION MARKET | ||
| 650 | _aEAST MIDLANDS DEVELOPMENT COMPANY | ||
| 650 | _aINDUSTRIAL MARKET | ||
| 650 | _aKETTERING | ||
| 650 | _aNORTHAMPTON | ||
| 650 | _aNOTTINGHAM | ||
| 650 | _aNOTTINGHAMSHIRE | ||
| 650 | _aPROPERTY-COMMERCIAL PROPERTY-OFFICE PROPERTY-OFFICE PROPERTY MARKET | ||
| 650 | _aPETERBOROUGH | ||
| 650 | _aREGIONAL AID | ||
| 650 | _aPROPERTY-COMMERCIAL PROPERTY-RETAIL PROPERTY-RETAIL PROPERTY MARKET | ||
| 650 | _aRETAIL WAREHOUSING | ||
| 690 | _aPROPERTY-COMMERCIAL PROPERTY-COMMERCIAL PROPERTY MARKET | ||
| 942 | _n0 | ||
| 948 | _c04/03/1997 | ||
| 999 |
_c47594 _d47594 |
||